| 000 | 00786nam1a22002531 4500 | ||
|---|---|---|---|
| 001 | rc\4558656 | ||
| 005 | 20130416184633.9 | ||
| 035 | _a(NLR Aleph) 008368033 | ||
| 090 |
_a9040276 _c9040276 |
||
| 100 | _a20130416d1964 |||y0rusy50 ca | ||
| 101 | 0 | _arus | |
| 102 | _aRU | ||
| 105 | _ay z ||||| | ||
| 200 | 1 |
_aУстройство и эксплуатация ЭЦВМ "М-3М" _eУчеб. пособие _eЧ. 1- _fВоен. артиллер. акад. |
|
| 210 |
_aЛенинград _cБ. и. _d1964 |
||
| 215 | _d29 | ||
| 300 | _aОтпеч. множит. аппаратом | ||
| 300 | _aАвт. указан на обл. | ||
| 700 | 1 |
_aЛетенко _bГ. И. |
|
| 801 | 0 |
_aRU _bNLR _gpsbo |
|
| 801 | 1 |
_aRU _bELAR _2rusmarc |
|
| 852 |
_aNLR _j50К/14115 |
||
| 942 | _cBOOK | ||
| 980 | _aNB | ||